|
|
|
|
| LEADER |
02959nam a2200613 i 4500 |
| 001 |
nkc20233533251 |
| 003 |
CZ PrNK |
| 005 |
20240529104337.0 |
| 007 |
ta |
| 008 |
231120s2023 xr g 000 fdcze |
| 015 |
|
|
|a cnb003533251
|
| 020 |
|
|
|a 978-80-242-9412-4
|q (vázáno)
|
| 035 |
|
|
|a (OCoLC)1420606870
|
| 040 |
|
|
|a ABG001
|b cze
|d BOA001
|e rda
|
| 043 |
|
|
|a e-xr---
|a e-gx---
|
| 045 |
|
|
|a r-r-
|
| 072 |
|
7 |
|a 821.162.3-3
|x Česká próza
|2 Konspekt
|9 25
|
| 080 |
|
|
|a 821.162.3-31
|2 MRF
|
| 080 |
|
|
|a 929.731
|2 MRF
|
| 080 |
|
|
|a 94(437.3)"13"
|2 MRF
|
| 080 |
|
|
|a (437.3)
|2 MRF
|
| 080 |
|
|
|a (430)
|2 MRF
|
| 080 |
|
|
|a (0:82-311.6)
|2 MRF
|
| 100 |
1 |
|
|a Drbohlav, Jan,
|d 1968-
|7 xx0057821
|4 aut
|
| 245 |
1 |
0 |
|a Římská jízda /
|c Jan Drbohlav
|
| 250 |
|
|
|a Vydání první
|
| 264 |
|
1 |
|a Praha :
|b Euromedia Group,
|c 2023
|
| 300 |
|
|
|a 227 stran ;
|c 21 cm
|
| 336 |
|
|
|a text
|b txt
|2 rdacontent
|
| 337 |
|
|
|a bez média
|b n
|2 rdamedia
|
| 338 |
|
|
|a svazek
|b nc
|2 rdacarrier
|
| 500 |
|
|
|a Na obálce uvedeno nakladatelství: Kalibr
|
| 520 |
2 |
|
|a Historický román přibližuje dramatickou cestu Karla IV. za římskou korunou ve světě plném politických intrik.
|b Král Karel IV. touží změnit svět, k tomu ale potřebuje korunu římského císaře. Boj o moc se ovšem nevede pouze mečem a schopný panovník musí umět válčit i na diplomatickém poli. Ve světě plném intrik to ovšem není snadné, o vládu bojují i zhrzení Wittelsbachové a Karlově korunovaci se ze všech sil snaží zabránit také papež Inocenc. Karlův promyšlený postup sice možná povede k vytyčenému cíli, ale zároveň může způsobit rozkol v jeho vlastních řadách... Příběh Karlovy římské jízdy není jen historickým románem, ale i navýsost politickým thrillerem odehrávajícím se v polovině 14. století. Nakladatelská anotace.
|
| 600 |
0 |
7 |
|a Karel
|b IV.,
|c český král a římský císař,
|d 1316-1378
|7 jk01053000
|2 czenas
|
| 600 |
0 |
9 |
|a Charles
|b IV.,
|c Holy Roman Emperor,
|d 1316-1378
|2 eczenas
|
| 648 |
|
7 |
|a 14. století
|7 ch460552
|2 czenas
|
| 650 |
0 |
7 |
|a panovníci
|7 ph117250
|z Česko
|y 14. století
|2 czenas
|
| 650 |
0 |
7 |
|a panovníci
|7 ph117250
|z Svatá říše římská
|y 14. století
|2 czenas
|
| 650 |
0 |
9 |
|a kings and rulers
|z Czechia
|y 14th century
|2 eczenas
|
| 650 |
0 |
9 |
|a kings and rulers
|z Holy Roman Empire
|y 14th century
|2 eczenas
|
| 651 |
|
7 |
|a Česko
|7 ge128065
|x dějiny
|y 14. století
|2 czenas
|
| 651 |
|
9 |
|a Czechia
|x history
|y 14th century
|2 eczenas
|
| 655 |
|
7 |
|a české romány
|7 fd133974
|2 czenas
|
| 655 |
|
7 |
|a historické romány
|7 fd132414
|2 czenas
|
| 655 |
|
9 |
|a Czech fiction
|2 eczenas
|
| 655 |
|
9 |
|a historical novels
|2 eczenas
|
| 910 |
2 |
|
|a BOA001
|b 2-1516.450
|
| 920 |
|
|
|a 4895699
|z ABG001
|
| 928 |
9 |
|
|a Kalibr
|
| 928 |
9 |
|
|a Euromedia Group - Kalibr
|
| 990 |
|
|
|a BK
|
| 995 |
|
|
|a 01
|
| 991 |
|
|
|b 202312
|c NOV
|
| 996 |
6 |
|
|b 2610955142
|c 2-1516.450
|l MZK
|r Sklad / do 1 hodiny
|n 0
|p p.v.
|w 001945710
|u 000010
|a 1
|e BOA001
|j MZK50
|s P
|